000 00556nam a2200193Ia 4500
005 20250923150253.0
008 008 250917s9999 xx 000 0 eng d
037 _aTextual
040 _aDSWL
_beng
_cDSWL
041 _aeng
_2eng
084 _aX:89K33.73, P9
_qDSWL
245 0 _aUrban and regional planning readers
_cEd.by Engenie L Birch
260 _aLondon
_bRoutledge Publication UK
_c2009
300 _a441 p.
365 _aGBP
_b28 . 99
925 _g28 . 99
942 _cTEXL
_hX:89K33.73, P9
999 _c1461520
_d1461520